| 000 | 00526nam a2200205Ia 4500 | ||
|---|---|---|---|
| 999 |
_c65346 _d65346 |
||
| 003 | 0100 | ||
| 005 | 20180301155424.0 | ||
| 008 | 130303s9999 xx 000 0 und d | ||
| 040 | _cARRUPELIB | ||
| 050 | _aDT878.Z9B7 | ||
| 100 |
_aBryant, Alfred T. _940117 |
||
| 245 |
_aOlden times in Zululand and Natal: _bcontaining earlier political history of the Eastern-Nguni clans / |
||
| 260 |
_aLondon _bLongmans, Green and Company _c1929 |
||
| 300 | _a710p. | ||
| 300 | _b 23 cm | ||
| 650 |
_aZulu (African people) _938340 |
||
| 650 |
_aZululand (South Africa) _xHistory _940118 |
||
| 650 |
_aKwaZulu-Natal (South Africa) _xHistory _940119 |
||
| 942 |
_2lcc _cMONOGRAPH |
||